000 00382nam a2200169Ia 4500
001 4527
003 IN-NITTTR
005 20251114233000.0
008 251113s9999||||xx |||||||||||||| ||eng||
040 _beng
040 _cIN-NITTTR
041 _aeng
082 _a510 T854M
100 _aTurner, J. C.
245 0 _aModern applied mathematics. /
_cTurner, J. C.
942 _2ddc
_cBK
999 _c7163
_d7163